Sports Quiz

Random Sports or Baseball Quiz
Score 0/146 Timer 15:00
0 Plays Today
Position(s) Player % Correct
1BTodd Helton
100%
SSTroy Tulowitzki
98.2%
OFCarlos Gonzalez
96.4%
2BLuis Gonzalez
96.4%
3BGarrett Atkins
94.5%
OFMatt Holliday
94.5%
OFLarry Walker
90.9%
2BTodd Walker
90.9%
OFBrad Hawpe
89.1%
3BVinny Castilla
83.6%
2B-SSClint Barmes
81.8%
OFSeth Smith
81.8%
2BJason Smith
81.8%
CCharles Johnson
80%
CChris Iannetta
78.2%
OF-2BEric Young Jr.
78.2%
3BIan Stewart
74.5%
OFPreston Wilson
74.5%
OFDexter Fowler
72.7%
CYorvit Torrealba
72.7%
SSNeifi Perez
69.1%
OFJuan Pierre
67.3%
3BNolan Arenado
65%
OFCorey Dickerson
65%
OFRyan Spilborghs
61.8%
SSJose Hernandez
61.8%
CRamon Hernandez
61.8%
3B-2BChris Nelson
58.2%
1BJason Giambi
56.4%
CWilin Rosario
52.7%
3BJose Lopez
50.9%
2BKazuo Matsui
49.1%
OFJeromy Burnitz
47.3%
OFAndrew Brown
45.5%
CMiguel Olivo
43.6%
OFWilly Taveras
41.8%
OFJay Payton
41.8%
OFMichael Cuddyer
41.8%
3BMelvin Mora
41.8%
OFCharlie Blackmon
40%
SSJuan Uribe
38.2%
2B-3B-OFJeff Baker
38.2%
2BJose Ortiz
38.2%
CTodd Greene
38.2%
SS-2BJosh Rutledge
38.2%
SSHector Gomez
38.2%
OFTodd Hollandsworth
36.4%
CBen Petrick
36.4%
3B-2BReid Brignac
35%
Position(s) Player % Correct
OFCory Sullivan
34.5%
2BJamey Carroll
34.5%
2BRonnie Belliard
34.5%
2BJayson Nix
34.5%
2B-SSJonathan Herrera
32.7%
SSRoyce Clayton
32.7%
3B-1BJordan Pacheco
32.7%
OFTyler Colvin
32.7%
OFJacob Cruz
32.7%
3BJeff Cirillo
30.9%
OF-1BMark Sweeney
30.9%
OFMario Encarnacion
29.1%
OFEric Byrnes
29.1%
2BMarco Scutaro
27.3%
CPaul Phillips
27.3%
2BAaron Miles
25.5%
OFGabe Kapler
25.5%
OFScott Podsednik
25.5%
CSandy Alomar Jr.
25.5%
OFSteve Finley
25.5%
OFLarry Bigbie
25.5%
OFGreg Vaughn
25.5%
3BTodd Zeile
23.6%
3B-1B-OFTy Wigginton
23.6%
OFRene Reyes
23.6%
CGary Bennett
21.8%
2BMark Ellis
21.8%
1BRoss Gload
21.8%
CMichael McKenry
21.8%
2BD.J. LeMahieu
20%
CBrent Mayne
20%
CGregg Zaun
20%
CGeronimo Gil
20%
OFCharlie Culberson
20%
3B-OFGreg Norton
18.2%
2B-OFTerry Shumpert
18.2%
OFRon Gant
16.4%
OFBenny Agbayani
16.4%
CEliezer Alfonzo
16.4%
CJose Morales
16.4%
1BRyan Wheeler
15%
2B-SSOmar Quintanilla
14.5%
CJ.D. Closser
14.5%
3BChris Stynes
14.5%
2B-3BMark Bellhorn
14.5%
CSal Fasano
14.5%
1B-OFEli Marrero
14.5%
CWil Nieves
14.5%
2BPablo Ozuna
14.5%
Position(s) Player % Correct
3BJohn Mabry
14.5%
2BBrent Butler
12.7%
CDanny Ardoin
12.7%
OFChoo Freeman
12.7%
OFAlex Ochoa
12.7%
1BRyan Shealy
12.7%
3BKevin Kouzmanoff
12.7%
OFMatt Murton
12.7%
SSThomas Field
12.7%
1BJoe Koshansky
12.7%
OFLuke Allen
10.9%
OFDustan Mohr
10.9%
CBobby Estalella
10.9%
OF-1BMatt McBride
10.9%
OFJack Cust
9.1%
OFChris Richard
9.1%
OFJorge Piedra
7.3%
SSDesi Relaford
7.3%
CAdam Melhuse
7.3%
SS-2BTony Womack
7.3%
OFJeff Salazar
7.3%
OFBrooks Kieschnick
7.3%
2BAlfredo Amezaga
7.3%
CMatt Pagnozzi
7.3%
SSAnderson Machado
7.3%
2BMike McCoy
7.3%
OFMark Little
5.5%
OFKit Pellow
5.5%
SS-OFDenny Hocking
5.5%
2BEddy Garabito
5.5%
CMiguel Ojeda
5.5%
1BBrad Eldred
5.5%
OFCliff Brumbaugh
3.6%
OFMichael Restovich
3.6%
3BAndy Tracy
3.6%
OFKimera Bartee
3.6%
OFCole Garner
3.6%
2BDoug Bernier
3.6%
OFRobin Jennings
3.6%
OFSean Barker
3.6%
OFKevin Sefcik
3.6%
CEdwin Bellorin
1.8%
OFRafael Ortega
1.8%
2B-SSJason Romano
0%
CWalt McKeel
0%
CMandy Romero
0%
CAlvin Colina
0%
SSTim Olson
0%

You're not logged in!

Compare scores with friends on all Sporcle quizzes.
OR
Log In

Sporcle TV

Today on Sporcle TV


Watch our educational content, quiz creation guides, and fun videos on Sporcle TV.

Show Comments

Extras

Top Quizzes Today


Score Distribution

Paid Content

Your Account Isn't Verified!

In order to create a playlist on Sporcle, you need to verify the email address you used during registration. Go to your Sporcle Settings to finish the process.

Report this User

Report this user for behavior that violates our Community Guidelines.

Details: